Normal view
MARC view
- العقود-التبعية القانونية-المهندسون-القانون الخاص
Entry Topical Term
001 - CONTROL NUMBER
- control field: 59235
003 - CONTROL NUMBER IDENTIFIER
- control field: JO-AjAnu
005 - DATE AND TIME OF LATEST TRANSACTION
- control field: 20230606083704.0
008 - FIXED-LENGTH DATA ELEMENTS
- fixed length control field: 230606|| aca||aabn | a|a d
040 ## - CATALOGING SOURCE
- Original cataloging agency: JO-AjAnu
- Transcribing agency: JO-AjAnu
150 ## - HEADING--TOPICAL TERM
- Topical term or geographic name entry element: العقود-التبعية القانونية-المهندسون-القانون الخاص
670 ## - SOURCE DATA FOUND
- Source citation: Work cat.: (JO-AjAnu)30213: البدران، باسل جبار, author 59234, المهندس المقيم (المشرف) في عقد المفاولة الإنشائي